1860 1492 1496 1988 1290 1633 1880 1310 1463 1911 1095 1317 1493 1683 1951 1767 1032 1929 1658 1674 1276 1828 1197 1200 1833 1917 1588 1155 1483 1212 1514 1244 1238 1075 1087 1844 1054 1520 1810 1913 1833 1571 1062 1501 1564 1981 1692 1625 1396 1826 1448 1848 1340 1756 1088 1792 1498 1340 1088 1106 1554 1731 1311 1176 1055 1190 1671 1007 1406 1159 1431 1415 1313 1490 1597 1055 1683 1398 1142 1701 1576 1702 1930 1257 1472 1830 1368 1833 1001 1084 1919 1750 1926 1596 1721 1265 1188 1544 1676 BCNSPRNW ULIB Ver.6.0+V

เปลี่ยนเป็นภาษาไทย

Change to English
 แสดงรายละเอียดบรรณานุกรม
  กลับหน้าหลัก

Brief Record : Get Marc (ISO 2709) : E-mail record : QR code < ปิดหน้าต่าง
LEADER : 00000nam 2200000uu 4500
001    13399125407
003     ULIB
008    170526s2559||||th 000 0 tha d
020    ^a9786167287836
060 04 ^aWY100^bอ498ก 2559
245 00 ^aการพยาบาลพื้นฐาน :^bปฏิบัติการพยาบาล = Fundamentals of nursing : nursing practice /^cอัจฉรา พุ่มดวง บรรณาธิการ
246 31 ^aFundamentals of nursing : nursing practice
250    ^aพิมพ์ครั้งที่ 4
260    ^aกรุงเทพฯ :^bภาควิชาการพยาบาลพื้นฐานวิทยาลัยพยาบาลสภากาชาดไทย,^c2559
300    ^aก-ฐ, 404 หน้า :^bภาพประกอบ ;^c30 ซม.
650  7 ^aการพยาบาล
650  7 ^aการพยาบาล, การบริการ
650  7 ^aผู้ป่วย, การดูแล
700 0  ^aอัจฉรา พุ่มดวง
710 2  ^aวิทยาลัยพยาบาลสภากาชาดไทย. ^bภาควิชาการพยาบาลพื้นฐาน
945    ^p350^l0^i24467
945    ^p350^l0^i24468
945    ^p350^l0^i24470
945    ^p350^l0^i24471
945    ^p350^l0^i24472
945    ^p350^l0^i24473
945    ^p350^l0^i24474
945    ^p350^l0^i24475
945    ^p350^l0^i24476
945    ^p350^l0^i24479
995    ^aกัณชพร
999    ^aกัณชพร
รายการนี้ยังไม่มีแท็ก
คุณยังไม่ได้ล็อกอิน คุณสามารถมีกิจกรรมร่วมกับเว็บไซต์ได้ แต่ต้องล็อกอินก่อน ::
  ล็อกอิน

รายการสื่อสารสนเทศ

ลำดับที่ ประเภท เลขเรียก/บาร์โค้ด สถานที่ สถานะ
1. หนังสือสำรอง
หนังสือสำรอง
WY100 อ498ก 2559 ฉ.1 
  Barcode: 24467
ห้องสมุดวิทยาเขตนครสวรรค์
►หนังสือทั่วไป:l:General Books
ถูกยืม กำหนดส่งวันที่ 4 มิถุนายน 2569
  จอง
2. วิทยาศาสตร์การแพทย์ และสุขภาพ
วิทยาศาสตร์การแพทย์ และสุขภาพ
WY100 อ498ก 2559 ฉ.10 
  Barcode: 24479
ห้องสมุดวิทยาเขตนครสวรรค์
►หนังสือทั่วไป:l:General Books
บนชั้น
3. วิทยาศาสตร์การแพทย์ และสุขภาพ
วิทยาศาสตร์การแพทย์ และสุขภาพ
WY100 อ498ก 2559 ฉ.2 
  Barcode: 24468
ห้องสมุดวิทยาเขตนครสวรรค์
►หนังสือทั่วไป:l:General Books
ถูกยืม กำหนดส่งวันที่ 31 สิงหาคม 2568
  จอง
4. วิทยาศาสตร์การแพทย์ และสุขภาพ
วิทยาศาสตร์การแพทย์ และสุขภาพ
WY100 อ498ก 2559 ฉ.3 
  Barcode: 24470
ห้องสมุดวิทยาเขตนครสวรรค์
►หนังสือทั่วไป:l:General Books
ถูกยืม กำหนดส่งวันที่ 4 มิถุนายน 2569
  จอง
5. วิทยาศาสตร์การแพทย์ และสุขภาพ
วิทยาศาสตร์การแพทย์ และสุขภาพ
WY100 อ498ก 2559 ฉ.4 
  Barcode: 24471
ห้องสมุดวิทยาเขตนครสวรรค์
►หนังสือทั่วไป:l:General Books
บนชั้น
6. วิทยาศาสตร์การแพทย์ และสุขภาพ
วิทยาศาสตร์การแพทย์ และสุขภาพ
WY100 อ498ก 2559 ฉ.5 
  Barcode: 24472
ห้องสมุดวิทยาเขตนครสวรรค์
►หนังสือทั่วไป:l:General Books
บนชั้น
7. วิทยาศาสตร์การแพทย์ และสุขภาพ
วิทยาศาสตร์การแพทย์ และสุขภาพ
WY100 อ498ก 2559 ฉ.6 
  Barcode: 24473
ห้องสมุดวิทยาเขตนครสวรรค์
►หนังสือทั่วไป:l:General Books
ถูกยืม กำหนดส่งวันที่ 4 มิถุนายน 2569
  จอง
8. วิทยาศาสตร์การแพทย์ และสุขภาพ
วิทยาศาสตร์การแพทย์ และสุขภาพ
WY100 อ498ก 2559 ฉ.7 
  Barcode: 24474
ห้องสมุดวิทยาเขตนครสวรรค์
►หนังสือทั่วไป:l:General Books
บนชั้น
9. วิทยาศาสตร์การแพทย์ และสุขภาพ
วิทยาศาสตร์การแพทย์ และสุขภาพ
WY100 อ498ก 2559 ฉ.8 
  Barcode: 24475
ห้องสมุดวิทยาเขตนครสวรรค์
►หนังสือทั่วไป:l:General Books
ถูกยืม กำหนดส่งวันที่ 4 มิถุนายน 2569
  จอง
10. วิทยาศาสตร์การแพทย์ และสุขภาพ
วิทยาศาสตร์การแพทย์ และสุขภาพ
WY100 อ498ก 2559 ฉ.9 
  Barcode: 24476
ห้องสมุดวิทยาเขตนครสวรรค์
►หนังสือทั่วไป:l:General Books
ถูกยืม กำหนดส่งวันที่ 4 มิถุนายน 2569
  จอง

รายการใกล้เคียง
    หัวเรื่อง [การพยาบาล]
    หัวเรื่อง [การพยาบาล, การบริการ]
    หัวเรื่อง [ผู้ป่วย, การดูแล]

BibComment


ยังไม่เคยถูกคอมเมนท์

คอมเมนท์ทรัพยากรรายการนี้
  คอมเมนท์: การพยาบาลพื้นฐาน..


 Copyright 2026. Bcnsprnw @Library